Mots/expressions/événements de Kevin - Statistiques

Statistiques générales
  • Ce quiz a été pris 6 fois
  • Le résultat moyen est 11 sur 15
Statistiques - réponses
Question Réponse % Correct
Chaud les nuggets Attention, c'est dangereux/compliqué
100%
Avoir les cramptés Cette expression veut tout et rien dire
100%
Je ne m'appelle pas Kevin Faux
100%
Mon bijou Surnom affectif
100%
J'ai démonté la porte du garage de Wildness avec un collègue de travail. Vrai
100%
J'ai 2 soeurs Vrai
100%
Kroumave Ce mot n'existe pas
67%
J'ai déjà roulé sur quelqu'un avec ma voiture et je suis parti Faux
67%
Lichebal Se faire lécher l'anus
67%
TSM Triangle de Saint Medard
67%
Tu vas où sans la lumière ? Tu es perdu.e
67%
J'ai déjà compté 1 million d'euros. Vrai
67%
J'ai déjà ken sur le canapé du bureau ( Wildness ) Vrai
33%
J'ai appris que j'avais un frère à 25 ans Vrai
33%
Ma famille a été à la tête de la pègre de Bordeaux Vrai
33%
Aucun quiz correspondant
Distribution des résultats
% des personnes avec chaque résultat
Percentile par nombre de réponses
Votre historique - résultats
Vous n’avez pas pris ce quiz